00945nam a22002657a 4500003000500000005001700005008004100022010001100063011001100074035001100085040000900096100003800105245016500143260004000308500006000348502008200408650001900490650001300509650002400522650001300546650001700559650002300576856006400599856001600663CHAP20220329143749.0110726s2011 mx r 00110 spa d a101604 a102576 a113265 cCHAP00aBarrón Yánez, Rosario Melina.10aGlicósidos de flavonoides y actividad antioxidante y citotóxica de (Calia secundiflora) (ORT.) Yakovleyh[En línea]c/por Rosario Melinda Barrón Yánez aChapingo, Méx. :bEl autor,c2011 aPara ver el contenido del material haga clic en la liga aTesis (Ph.D. en Ciencias en Horticultura) -- UACH. Departamento de Fitotecnia14aAntioxidantes.14aArtemia.14aCalia secundiflora.14aFenoles.14aFlavonoides.14aToxinas vegetales. 3Finding aiduhttp://10.13.5.2/tesis/113265.pdfzTeclea aqui a1 n0000810